000 01191nam a22003617a 4500
003 CHAP
005 20220817041846.0
008 971013s1976 r 00010 d
010 _a26775
011 _a27747
035 _a31848
040 _cCHAP
090 _aFolleto 3520
110 _aInstituto Mexicano de Comercio Exterior
_959249
245 _aManual para el ganadero exportador
260 _aMéxico, D.F. :
_bEl Instituto,
_c1976
300 _a102 p.
_b: ilus
490 _aPublicación
_v; 443
590 _aBATCH-UPD
_b10
_c20130110
_lUCH01
_h1330
590 _aBATCH-UPD
_b10
_c20130410
_lUCH01
_h0836
590 _aBATCH-UPD
_b10
_c20130914
_lUCH01
_h0846
590 _aCONVERSION
_b10
_c20130109
_lUCH01
_h1315
650 1 4 _aCarne
_xMercadeo.
_919090
650 1 4 _aComercio
_zMéxico.
_925624
650 1 4 _aExportación e importación
_zMéxico.
_939119
650 1 4 _aGanado de carne
_xMercadeo.
_945092
830 0 _aPublicación
_v; 443
901 _aBK
942 _cFOLL
949 _aFolleto 3520
_bBC
_cFOLL
_d-73670
_eTS1
_i31848
_mD
_si
949 _aFolleto 3520
_bBC
_cFOLL
_d-73671
_eTS2
_fc.2
_i31848
_mD
_si
949 _aFolleto 3520
_bBC
_cFOLL
_d-73672
_eTS2
_fc.3
_i31848
_mD
_si
999 _c26775
_d26775